| 000 | 01071nam a2200229Ia 4500 | ||
|---|---|---|---|
| 999 |
_c53267 _d53267 |
||
| 001 | 20308 | ||
| 003 | GE_BSU | ||
| 005 | 20200905214659.0 | ||
| 008 | 181216s1975||||ge |||||||||||||| ||geo|| | ||
| 040 | _cGE_BSU | ||
| 041 | _ageo | ||
| 080 | _a81(063) თ-11 | ||
| 245 |
_aთბილისის სახელმწიფო უნივერსიტეტის შრომები 1975 ტ. 164 : _b ენათმეცნიერება / _cრედ. ივ. ქავთარაძე. |
||
| 264 |
_aთბილისი : _bთბილისის უნ-ტის გამ-ბა, _c1975. |
||
| 300 |
_a188 გვ. ; _c27 სმ. |
||
| 541 | _h5 ლ. | ||
| 546 | _aტექსტი ქართულ და რუსულ ენებზე | ||
| 653 | _aთბილისის სახელმწიფო უნივერსიტეტის შრომები | ||
| 653 | _a ენათმეცნიერება | ||
| 700 |
_aქავთარაძე, ივ. _eრედაქტორი _99401 |
||
| 942 |
_cBK _2udc |
||